UBT Library

Research design and evaluation in speech-language pathology and audiology / (Record no. 40445)

000 -LEADER
fixed length control field 00799pam a2200241 a 4500
001 - CONTROL NUMBER
control field 2596426
005 - DATE AND TIME OF LATEST TRANSACTION
control field 20180118044644.0
008 - FIXED-LENGTH DATA ELEMENTS--GENERAL INFORMATION
fixed length control field 970227s1998 maua b 001 0 eng c
010 ## - LIBRARY OF CONGRESS CONTROL NUMBER
LC control number 97006601
020 ## - INTERNATIONAL STANDARD BOOK NUMBER
International Standard Book Number 020519799X
040 ## - CATALOGING SOURCE
Original cataloging agency DNLM/DLC
Transcribing agency DLC
Modifying agency DLC
041 ## - LANGUAGE CODE
Language code of text/sound track or separate title eng
060 10 - NATIONAL LIBRARY OF MEDICINE CALL NUMBER
Classification number WM 475 S587r 1997
080 ## - UNIVERSAL DECIMAL CLASSIFICATION NUMBER
Universal Decimal Classification number 616.85.0072 FRA
082 00 - DEWEY DECIMAL CLASSIFICATION NUMBER
Classification number 616.85.0072 FRA
Edition number 21
100 1# - Rafti
Rafti 9
101 ## - Shkurtesa
Shkurtesa PAT
245 10 - TITLE STATEMENT
Title Research design and evaluation in speech-language pathology and audiology /
Statement of responsibility, etc Franklin H. Silverman.
504 ## - BIBLIOGRAPHY, ETC. NOTE
Bibliography, etc Includes bibliographical references (p. 367-381) and indexes.
906 ## - LOCAL DATA ELEMENT F, LDF (RLIN)
a 7
b cbc
c orignew
d 1
e ocip
f 19
g y-gencatlg
942 ## - ADDED ENTRY ELEMENTS (KOHA)
Source of classification or shelving scheme
Item type Books
Holdings
Withdrawn status Lost status Source of classification or shelving scheme Damaged status Not for loan Collection code Permanent location Current location Shelving location Date acquired Total Checkouts Full call number Barcode Date last seen Price effective from Koha item type
          Koleksioni i përgjithshem UBT - Lipjan UBT - Lipjan Koleksioni i përgjithshem 01/18/2018   616.85.0072 FRA 002-2995744 01/18/2018 01/18/2018 Books
UBT Library © 2015-2024. All rights reserved University Education for Business and Technology